Commentaries on the Constitution of the Empire of Japan
Uloženo v:
| Hlavní autor: | |
|---|---|
| Médium: | Kniha |
| Jazyk: | Undetermined |
| Vydáno: |
Tokyo
Igirisu-Hōritsu Gakko
1889
|
| Témata: | |
| Tagy: |
Přidat tag
Žádné tagy, Buďte první, kdo otaguje tento záznam!
|
| Thư viện lưu trữ: | Trung tâm Học liệu Trường Đại học Cần Thơ |
|---|
| LEADER | 00571nam a2200193Ia 4500 | ||
|---|---|---|---|
| 001 | CTU_110132 | ||
| 008 | 210402s9999 xx 000 0 und d | ||
| 082 | |a 342.52 | ||
| 082 | |b I.89 | ||
| 100 | |a Ito, Hirobumi | ||
| 245 | 0 | |a Commentaries on the Constitution of the Empire of Japan | |
| 245 | 0 | |c Hirobumi Ito; translated by Miyoji Ito | |
| 260 | |a Tokyo | ||
| 260 | |b Igirisu-Hōritsu Gakko | ||
| 260 | |c 1889 | ||
| 650 | |a japan. kenpō (1889),constitutional law | ||
| 650 | |z japan | ||
| 904 | |i M.Loan | ||
| 980 | |a Trung tâm Học liệu Trường Đại học Cần Thơ | ||